Тест на общие знания №10 - Statistics

General Stats
  • This quiz has been taken 58 times
  • The average score is 9 of 20
Answer Stats
Вопрос Ответ % Correct
У какого овоща есть глазки? картофель
95%
На лечении какой части тела специализируется дерматолог? кожа
88%
В преддверии какого праздника на российском ТВ можно увидеть такие фильмы, как "Бриллиантовая рука", "Кавказская пленница" и "Ирония судьбы"? Новый год
88%
Во что заворачивают роллы? водоросли нори
84%
Что сильнее дня, согласно песне группы "Мираж"? ночь
65%
Как стало называться судно капитана Врунгеля, после того, как от его названия откололись первые две буквы? "Беда"
58%
Какое животное в контектсе семи смертных грехов олицетворяет чревоугодие? свинья
56%
Примером какого вопроса является "А судьи кто?"? риторический
56%
Как с испанского переводится "Por favor"? пожалуйста
47%
Какова длина олимпийского бассейна в метрах? 50
44%
Продолжите фразу Иосифа Сталина: "Смерть одного человека - трагедия. Смерть миллионов - ..." статистика
35%
Какая кость считается самой прочной в человеческом теле? бедренная
35%
В честь какого города назван геологический период? Пермь
30%
Что было слабым местом Самсона? волосы
26%
Как звали сыновей Тараса Бульбы? Остап и Андрий
26%
Чей дневник начался в 1942-м году и внезапно оборвался в 1944-м? Анна Франк
23%
Бывший президент какой страны переименовал хлеб в честь своей матери, а дни недели - в честь своих родственников? Туркменистан
23%
Какое животное может выжить в вакууме, годами жить без еды, но при этом испытывать трудности при передвижении по обычному стеклу? тихоходка
21%
Второе имя какого библейского персонажа - Израиль? Иаков
16%
Какой персонаж известен тем, что дрался с огромным петухом, Гомером Симпсоном и Дональдом Трампом? Питер Гриффин
16%
No matching quizzes found
Score Distribution
Percent of People with Each Score
Percentile by Number Answered
Your Score History
You have not taken this quiz